Dialogovyje sistemy : Sovremennoje sostojanije i perspektivy rozvitija

Guardado en:
Detalles Bibliográficos
Formato: Libro
Lenguaje:ruso
Publicado: Kijev : Naukova dumka, 1987
Edición:1.vyd.
Etiquetas: Agregar Etiqueta
Sin Etiquetas, Sea el primero en etiquetar este registro!

MARC

LEADER 00000nam a22000003a 4500
001 stu5813
005 20141122100735.6
008 940509s1987----xxr-----------------rus-d
040 |a STU  |b slo 
041 0 |a rus 
044 |a xxr 
080 |a 681.32.022 
245 |a Dialogovyje sistemy :  |b Sovremennoje sostojanije i perspektivy rozvitija 
250 |a 1.vyd. 
260 |a Kijev :  |b Naukova dumka,  |c 1987 
300 |a 245 s 
996 |b E65874  |c E*65874  |l EE03  |s P  |a 0  |w stu5813_0001